Random African Countries - Statistics

General Stats
  • This quiz has been taken 94 times
  • The average score is 17 of 25
Answer Stats
Country % Correct
Egypt
91%
South Africa
84%
Niger
82%
Algeria
78%
Sudan
77%
Nigeria
75%
Ethiopia
74%
Morocco
72%
Libya
70%
Chad
68%
Ghana
68%
Somalia
68%
Angola
67%
Tunisia
66%
Uganda
66%
Zambia
65%
Mali
64%
Namibia
61%
Senegal
60%
Tanzania
59%
Cameroon
58%
Democratic Republic of Congo
56%
Gabon
56%
Lesotho
55%
Central African Republic
40%
No matching quizzes found
Score Distribution
Percent of People with Each Score
Percentile by Number Answered
Your Score History
You have not taken this quiz